Normal view
MARC view
Entry Personal Name
001 - CONTROL NUMBER
- control field: 24907
003 - CONTROL NUMBER IDENTIFIER
- control field: ARRUPE
005 - DATE AND TIME OF LATEST TRANSACTION
- control field: 20160812092457.0
008 - FIXED-LENGTH DATA ELEMENTS
- fixed length control field: 160812|| aca||aabn | a|a d
040 ## - CATALOGING SOURCE
- Original cataloging agency: ARRUPE
- Transcribing agency: ARRUPE
100 ## - HEADING--PERSONAL NAME
- Personal name: Nasong'o, Shadrack Wanjala.
670 ## - SOURCE DATA FOUND
- Source citation: Work cat.: (ARRUPE)0: Nasong'o, Shadrack Wanjala., Contending political paradigms in Africa :, 2005.